000 00295nam a2200109Ia 4500
005 20251222144759.0
008 251222s9999||||xx |||||||||||||| ||spa||
082 _a363.198.5/I59/1998
245 0 _aPerú: Estadísticas de Violencia y Seguridad Pública: 1997-1998
264 _bINEI
942 _cLIB
999 _c19635
_d19635